Sermon de nuestro Seráfico Patriarca S. Francisco de Asis, que en la apertura de su templo reedificado en Oajaca, predicó el M. R. P. ex-lector de teología Fr. Cristobal Arvea, catedrático de prima en la de moral del Seminario Pontificio de Santa Cruz en la misma ciudad, examinador sinodal de su obispado, y actual prior del Convento de recolección de S. Pablo del Sagrado Orden de Predicadores. Dalo a luz la observantísima provincia de San Diego de México

Detalles Bibliográficos
Autor principal: Arvea, Cristóbal
Otros Autores: Valdés, Alejandro, 1810, 1815-1831, impr
Formato: Libro
Lenguaje:Spanish
Publicado: s.l. : impreso en la oficina del ciudadano Alejandro Valdes, 1823.
Materias:
Colección:Banco de datos
Acervo:Universidad Autónoma Benito Juárez de Oaxaca. Biblioteca Francisco de Burgoa. Colección histórica
Descripción Física:[2] h., 21 p. ; 18.5 cm.
Tema general:Homilética
Notas:Portada tipográfica con pleca en grabado xilográfico. Texto a renglón seguido con paginación en números arábigos, notas a pie de página y signaturas. Encuadernación en piel sobre cartón
LEADER 01358nam a22001930004500
035 |a 3165 
041 0 |a spa 
100 1 |a Arvea, Cristóbal 
245 1 0 |a Sermon de nuestro Seráfico Patriarca S. Francisco de Asis, que en la apertura de su templo reedificado en Oajaca, predicó el M. R. P. ex-lector de teología Fr. Cristobal Arvea, catedrático de prima en la de moral del Seminario Pontificio de Santa Cruz en la misma ciudad, examinador sinodal de su obispado, y actual prior del Convento de recolección de S. Pablo del Sagrado Orden de Predicadores. Dalo a luz la observantísima provincia de San Diego de México 
260 |a s.l. : impreso en la oficina del ciudadano Alejandro Valdes, 1823. 
300 |a [2] h., 21 p. ; 18.5 cm.  
500 |a Portada tipográfica con pleca en grabado xilográfico. Texto a renglón seguido con paginación en números arábigos, notas a pie de página y signaturas. Encuadernación en piel sobre cartón 
600 1 4 |a Francisco de Asis, santo, 1182-1226 
650 1 0 |a Homilética 
700 1 |a Valdés, Alejandro, 1810, 1815-1831, impr. 
852 |a Universidad Autónoma "Benito Juárez" de Oaxaca, Biblioteca Francisco de Burgoa, Colección histórica 18862 
942 |c BURHIS 
943 |g Universidad Autónoma Benito Juárez de Oaxaca. Biblioteca Francisco de Burgoa. Colección histórica 
999 |c 1122008  |d 1122008